UBT Library

Fundamentals of track and field / (Record no. 44049)

000 -LEADER
fixed length control field 00782pam a2200265 a 4500
001 - CONTROL NUMBER
control field 728866
005 - DATE AND TIME OF LATEST TRANSACTION
control field 20180302072702.0
008 - FIXED-LENGTH DATA ELEMENTS--GENERAL INFORMATION
fixed length control field 981229s1999 ilua b 000 0 eng
010 ## - LIBRARY OF CONGRESS CONTROL NUMBER
LC control number 98052218
020 ## - INTERNATIONAL STANDARD BOOK NUMBER
International Standard Book Number 0736000089
035 ## - SYSTEM CONTROL NUMBER
System control number (DLC) 98052218
040 ## - CATALOGING SOURCE
Original cataloging agency DLC
Transcribing agency DLC
Modifying agency DLC
041 ## - LANGUAGE CODE
Language code of text/sound track or separate title eng
080 ## - UNIVERSAL DECIMAL CLASSIFICATION NUMBER
Universal Decimal Classification number 796.42 GER
082 00 - DEWEY DECIMAL CLASSIFICATION NUMBER
Classification number 796.42 GER
Edition number 21
100 1# - Rafti
Rafti 8
101 ## - Shkurtesa
Shkurtesa EKZ
245 10 - TITLE STATEMENT
Title Fundamentals of track and field /
Statement of responsibility, etc Gerry Carr.
504 ## - BIBLIOGRAPHY, ETC. NOTE
Bibliography, etc Includes bibliographical references (p. 283-284).
906 ## - LOCAL DATA ELEMENT F, LDF (RLIN)
a 7
b cbc
c orignew
d 1
e ocip
f 19
g y-gencatlg
942 ## - ADDED ENTRY ELEMENTS (KOHA)
Source of classification or shelving scheme
Item type Books
Holdings
Withdrawn status Lost status Source of classification or shelving scheme Damaged status Not for loan Collection code Permanent location Current location Shelving location Date acquired Total Checkouts Full call number Barcode Date last seen Price effective from Koha item type
          Koleksioni i përgjithshem UBT - Lipjan UBT - Lipjan Koleksioni i përgjithshem 03/02/2018   796.42 GER 002-3000540 03/02/2018 03/02/2018 Books
UBT Library © 2015-2024. All rights reserved University Education for Business and Technology